| 000 | 00668nam a2200205Ii 4500 | ||
|---|---|---|---|
| 003 | JO-AjNU | ||
| 008 | 230606s9999||||xx |||||||||||||| ||und|| | ||
| 017 | _a2009/4/1201 | ||
| 040 |
_aJO-AjNU _beng _erda _cJO-AjNU |
||
| 041 | _aeng | ||
| 050 | 1 | 4 | _aQA76.9 2010 |
| 100 | 3 |
_aAlhussein bin talal university, _eauthor _95044 |
|
| 245 | 0 | 0 | _aproceedings of the international conference on modelling and simulation |
| 264 | 3 | 1 | _aMaan :Alhussein bin talal university ,2010 |
| 300 | _a185p | ||
| 336 |
_atext _btxt _2rdacontent |
||
| 337 |
_aunmediated _bn _2rdamedia |
||
| 338 |
_avolume _bnc _2rdacarrier |
||
| 650 | 4 |
_aComputer-application -computer programming _95045 |
|
| 999 |
_aE2609 _c2607 _d2607 |
||